00413nam a2200145 a 4500008004100000020001500041050001800056100002100074245003800095260004100133300002200174350000900196650001700205650004500222120416s1984 ||||||||||||||||| || u a0471085391 aTK 7888.4 Hil aHill, Fredrick J10aDigital logic and microprocessors aNew York:bJohn Wiley and Sonsc1984 axiii, 539p. : ill a0.00 0aLOGIC DESIGN aMICROPROCESSORS--DESIGN AND CONSTRUCTION